El derecho y la justicia
Uloženo v:
| Hlavní autoři: | , |
|---|---|
| Médium: | Kniha |
| Jazyk: | španělština |
| Vydáno: |
Madrid
Trotta
2000
|
| Vydání: | 2a. ed |
| Edice: | Enciclopedia Iberoamericana de Filosofía, 2
|
| Témata: | |
| Tagy: |
Přidat tag
Žádné tagy, Buďte první, kdo vytvoří štítek k tomuto záznamu!
|
MARC
| LEADER | 00000cam a2200000 a 4500 | ||
|---|---|---|---|
| 001 | UCL0765 | ||
| 003 | CL-VaPUC | ||
| 008 | 030818e20000000SP |||||||||||||||||spa|d | ||
| 020 | |a 8481640522 | ||
| 082 | 0 | 4 | |a 340.11 |b GAR |2 21 |
| 100 | |a Garzón Valdés, Ernesto |e author |9 597047 | ||
| 700 | 0 | |a Laporta, Francisco J |e author |9 477509 | |
| 245 | 1 | 3 | |a El derecho y la justicia |
| 250 | |a 2a. ed | ||
| 300 | |a 554 p | ||
| 942 | |c BK | ||
| 945 | |d 20030818 00:00:00 |a cmena | ||
| 260 | |a Madrid |b Trotta |c 2000 | ||
| 650 | 7 | |a DERECHO |2 CL-VaPUC |9 477510 | |
| 650 | 0 | |a Justicia |9 255408 | |
| 650 | 0 | |a Teoría del derecho |9 255982 | |
| 650 | 7 | |a SISTEMA JURIDICO |2 CL-VaPUC |9 477511 | |
| 583 | |a last modification |c 20150731 04:02:42 |k Rodrigo Vera | ||
| 490 | 0 | |a Enciclopedia Iberoamericana de Filosofía, 2 | |
| 999 | |c 304546 |d 304544 | ||
| 952 | |0 0 |1 0 |4 0 |6 340_110000000000000_GAR_2000 |7 0 |8 DER_ROM |9 366911 |a BIBDER |b BIBDER |d 2019-11-21 |i 3913031 |o 340.11 GAR 2000 |p 3913031 |r 2023-01-25 |w 2019-11-21 |x Ubicación 4to piso |y BK |z Este recurso debe solicitarse con anticipación |k DER | ||
| 952 | |0 0 |1 0 |3 erb |4 0 |6 340_110000000000000_GAR_2000 |7 0 |8 A |9 366912 |a BIBEDU |b BIBEDU |i 5192951 |o 340.11 GAR 2000 |p 5192951 |r 2019-11-21 |w 2019-11-21 |y BK |z Catalogado en:20150806 |k FIL | ||